Normal view MARC view
  • Supervisor: Lt. Col Dr. Syed Hassan Farooq

Entry Personal Name

Number of records used in: 1

001 - CONTROL NUMBER

  • control field: 127087

003 - CONTROL NUMBER IDENTIFIER

  • control field: NUST

005 - DATE AND TIME OF LATEST TRANSACTION

  • control field: 20241212095333.0

008 - FIXED-LENGTH DATA ELEMENTS

  • fixed length control field: 241212|| aca||aabn | a|a d

040 ## - CATALOGING SOURCE

  • Original cataloging agency: NUST
  • Transcribing agency: NUST

100 ## - HEADING--PERSONAL NAME

  • Personal name: Supervisor: Lt. Col Dr. Syed Hassan Farooq

670 ## - SOURCE DATA FOUND

  • Source citation: Work cat.: (NUST)232189: Omair 50758, Seismic damage assessment & retrofit of hybrid structures/, 2014
© 2023 Central Library, National University of Sciences and Technology. All Rights Reserved.